000 00864nam a2200205 a 4500
008 140922s2003 ||||||||||||||||| || u
020 _a0896086739
050 _a616.9792 IRW
100 _aFallows Dororthy
245 1 0 _aGlobal AIDS: myths and facts
_cby Alexander Irwin, Joyce Millen and Dorothy Fallows
260 _aCambridge
_bSouth End Press
_c2003
300 _axvi,267p. : ill
650 _aWORLD HEALTH
650 _aAIDS (DISEASE)--PREVENTION
650 _aAIDS (DISEASE)--SOCIAL ASPECTS
700 _aMillen Joyce
700 _aIrwin, Alexander
995 _FCBU-DAG HAMMARSKJOLD INSTITUTE LIBRARY
_M1
_UAVAILABLE
_WSep 22, 2014
_ZAmerican Collection
995 _FCBU-DAG HAMMARSKJOLD INSTITUTE LIBRARY
_M2
_UAVAILABLE
_WSep 22, 2014
_ZAmerican Collection
999 _c30630
_d30630